[Event "45th Capablanca Mem Open"]
[Site "Havana CUB"]
[Date "2010.06.16"]
[Round "6"]
[White "Alonso Moyano,J"]
[Black "Martinez Duany,L"]
[Result "0-1"]
[WhiteElo "2399"]
[BlackElo "2515"]
[EventDate "2010.06.10"]

1. e4 e5 2. Nc3 Nc6 3. Bc4 Nf6 4. d3 Na5 5. a3 Nxc4 6. dxc4 d6 7. Nf3 Be7
8. O-O O-O 9. h3 Be6 10. Qe2 Nd7 11. Nd5 f5 12. exf5 Bxf5 13. Nd4 c6 14. g4
cxd5 15. Nxf5 d4 16. Qe4 Rb8 17. Qd5+ Rf7 18. Nxd6 Bxd6 19. Qxd6 Qh4 20.
Kg2 Rbf8 21. Qe6 Nc5 22. Qd5 Ne4 23. Bf4 Kh8 24. Qxe4 Rxf4 25. Qxe5 Rf3 26.
Qh5 Rxf2+ 27. Rxf2 Qxf2+ 28. Kh1 Qf3+ 29. Kh2 Qe2+ 30. Kg1 Qe3+ 31. Kh1 Rf2
0-1

[Event "45th Capablanca Mem Open"]
[Site "Havana CUB"]
[Date "2010.06.16"]
[Round "6"]
[White "Perez Rodriguez,L"]
[Black "Ordaz Valdes,L"]
[Result "1-0"]
[WhiteElo "2484"]
[BlackElo "2307"]
[EventDate "2010.06.10"]

1. e4 e5 2. Nf3 Nf6 3. d4 Nxe4 4. Bd3 d5 5. Nxe5 Nd7 6. Nxd7 Bxd7 7. O-O
Bd6 8. c4 c6 9. cxd5 cxd5 10. Nc3 Nxc3 11. bxc3 O-O 12. Qh5 f5 13. Qf3 Kh8
14. Bf4 Qe7 15. Bxd6 Qxd6 16. Bc2 Rae8 17. Rfe1 b5 18. h4 g6 19. h5 Kg7 20.
Rad1 a6 21. Re5 Rxe5 22. dxe5 Qxe5 23. Rxd5 Qe1+ 24. Kh2 Bc6 25. h6+ Kxh6
26. Qf4+ Kg7 27. Qd4+ Kh6 28. Re5 Qf1 29. Qf4+ Kg7 30. Re7+ Rf7 31. Rxf7+
Kxf7 32. Qc7+ Kf8 33. Qxc6 Qxf2 34. Qf6+ Ke8 35. Qe5+ Kf8 36. Bb3 a5 37.
Bd5 Qh4+ 38. Kg1 Qg5 39. Qd4 Ke7 40. Kf2 h5 41. g3 Kd6 42. Bc4+ Kc6 43.
Qd5+ Kc7 44. Qc5+ Kd8 45. Qd6+ Ke8 46. Bxb5+ Kf7 47. Bc4+ Kg7 48. Qc7+ Kh6
49. Qf4 Qxf4+ 50. gxf4 h4 51. Bd5 g5 52. c4 1-0

[Event "45th Capablanca Mem Open"]
[Site "Havana CUB"]
[Date "2010.06.16"]
[Round "6"]
[White "Guerra Mojena,L"]
[Black "Escobar Forero,A"]
[Result "1/2-1/2"]
[WhiteElo "2254"]
[BlackElo "2474"]
[EventDate "2010.06.10"]

1. e4 c5 2. Nf3 Nc6 3. Nc3 Nf6 4. Bb5 Qc7 5. O-O Nd4 6. Re1 a6 7. Bd3 Ng4
8. g3 Nxf3+ 9. Qxf3 Ne5 10. Qe3 Nxd3 11. Nd5 Qd6 12. Qxd3 e6 13. Nf4 Qxd3
14. Nxd3 b5 15. b3 Bb7 16. Bb2 f6 17. f3 Kf7 18. Nf4 Bd6 19. Ng2 Bc7 20.
Ne3 h5 21. d4 cxd4 22. Bxd4 h4 23. Kg2 Rhe8 24. a4 hxg3 25. hxg3 Bc6 26.
axb5 axb5 27. Kf2 Ba5 28. Rh1 Bb4 29. Rxa8 Bxa8 30. Ra1 Bc6 31. Rh1 Ra8 32.
Ra1 Rc8 33. Rh1 Bb7 34. Rd1 Ke7 35. Kg2 Ra8 36. Kf2 Rc8 37. Kg2 Rc7 38. g4
Rc8 39. g5 Rg8 40. gxf6+ gxf6+ 41. Kf2 Rc8 42. Rh1 e5 43. Bb2 Bc5 44. Rh7+
Kd6 45. Rh2 b4 46. Ke2 Ke6 47. Kd2 Rg8 48. Ke2 Ba6+ 49. Nc4 Rg1 50. c3 bxc3
51. Bxc3 Rb1 52. Kd2 Rxb3 53. Nxe5 Bd6 54. f4 Rxc3 55. Kxc3 fxe5 56. Rh6+
Ke7 57. Rh7+ Ke8 58. Rh6 Ke7 59. Rh7+ Kd8 60. Rh8+ Kc7 61. f5 Bb7 62. f6
Bxe4 63. f7 Bd5 64. f8=Q Bxf8 65. Rxf8 Kc6 66. Kb4 Bg2 67. Rf2 Be4 68. Rh2
Kd5 69. Rd2+ Kc6 70. Rh2 Bd3 71. Rd2 Bf5 72. Rf2 Bg4 73. Kc4 d5+ 74. Kd3
Kc5 75. Rc2+ Kd6 76. Rf2 Bd7 77. Rb2 Bf5+ 78. Kc3 Kc5 79. Ra2 d4+ 80. Kd2
Kb4 81. Ra8 e4 82. Re8 Kc4 83. Re5 1/2-1/2

[Event "45th Capablanca Mem Open"]
[Site "Havana CUB"]
[Date "2010.06.16"]
[Round "6"]
[White "Bacallao Alonso,Y"]
[Black "Rodriguez Garcia,V"]
[Result "1-0"]
[WhiteElo "2500"]
[BlackElo "2377"]
[EventDate "2010.06.10"]

1. Nf3 Nf6 2. d4 g6 3. Bg5 Bg7 4. Nbd2 c5 5. dxc5 Qa5 6. c3 Qxc5 7. Bxf6
Bxf6 8. Ne4 Qc6 9. Nxf6+ Qxf6 10. Qd2 Nc6 11. h4 h5 12. g3 d6 13. Bg2 Bf5
14. Ng5 O-O 15. O-O Rad8 16. e4 Bc8 17. Qe3 Qe5 18. b4 a6 19. a4 Qg7 20. f4
f6 21. Nf3 e5 22. b5 Na5 23. fxe5 dxe5 24. Rad1 Qe7 25. Nd2 Kg7 26. Rb1 Qc7
27. Rf2 axb5 28. Rxb5 Nc4 29. Nxc4 Qxc4 30. Rc5 Qxa4 31. Bf1 Qd7 32. Bc4
Qe7 33. Bd5 Be6 34. c4 Rc8 35. Rb5 Bxd5 36. cxd5 Rfd8 37. Rb6 Rf8 38. d6
Qd7 39. Rfb2 Rf7 40. Qb3 Rb8 41. Kh2 Qd8 42. Qd5 Qe8 43. R6b4 Rd7 44. Rd2
Qg8 45. Qd3 Qe6 46. Rb5 Ra8 47. Rc5 Rad8 48. Rd5 Kg8 49. Qa3 Rc8 50. Rc5
Rcd8 51. Qa5 Kh8 52. Rc3 Kg8 53. Rc7 Qe8 54. Qb5 Kf8 55. Qxb7 Rxc7 56. Qxc7
Qd7 57. Qb6 Kg8 58. Qb4 Kh8 59. Qc5 Rc8 60. Qe3 Kg7 61. Qb6 Rd8 62. Qf2 Qe6
63. Qb6 Qd7 64. Rd5 Kh8 65. Qa5 Rb8 66. Qd2 Kg7 67. Rc5 Rb7 68. Rc2 Kh7 69.
Qd5 Ra7 70. Rb2 Kg7 71. Rc2 Kh7 72. Qc5 Rb7 73. Qa3 Qd8 74. Rc6 Qb8 75. Qc5
Rb2+ 76. Kh3 Qb3 77. d7 Qf3 78. Qe7+ Kh6 79. Qf8+ Kh7 80. Qh8+ Kxh8 81.
d8=Q+ 1-0

[Event "45th Capablanca Mem Open"]
[Site "Havana CUB"]
[Date "2010.06.16"]
[Round "6"]
[White "Arias,Le"]
[Black "Fernando,D"]
[Result "1/2-1/2"]
[WhiteElo "2355"]
[BlackElo "2494"]
[EventDate "2010.06.10"]

1. e4 c5 2. Nf3 Nc6 3. d4 cxd4 4. Nxd4 Nf6 5. Nc3 d6 6. Bc4 e6 7. Be3 a6 8.
Bb3 Na5 9. f3 Be7 10. Qd2 b5 11. g4 Nxb3 12. axb3 Bb7 13. g5 Nd7 14. h4 Qc7
15. O-O-O Nc5 16. b4 Na4 17. Nce2 Nb6 18. b3 g6 19. h5 O-O-O 20. hxg6 hxg6
21. Nxe6 fxe6 22. Rxh8 Rxh8 23. Bxb6 Qc6 24. Bd4 e5 25. Be3 Rf8 26. Nc3
Rxf3 27. Nd5 Bd8 28. Qg2 1/2-1/2

[Event "45th Capablanca Mem Open"]
[Site "Havana CUB"]
[Date "2010.06.16"]
[Round "6"]
[White "Mena Crespo,C"]
[Black "Galego,L"]
[Result "0-1"]
[WhiteElo "2337"]
[BlackElo "2488"]
[EventDate "2010.06.10"]

1. Nf3 d6 2. d4 Nf6 3. g3 Nbd7 4. c4 e5 5. Nc3 Be7 6. Bg2 O-O 7. O-O Re8 8.
e4 exd4 9. Nxd4 Bf8 10. h3 c6 11. Re1 a5 12. Be3 a4 13. Qc2 Qa5 14. Rab1
Nb6 15. b3 axb3 16. axb3 Bd7 17. Nde2 d5 18. cxd5 cxd5 19. b4 Qa6 20. Nf4
Nc4 21. Ncxd5 Na3 22. Qb3 Nxb1 23. Nc7 Qd6 24. Nxe8 Rxe8 25. Rxb1 Nxe4 26.
Rd1 Qc7 27. Nd5 Qc6 28. Bd4 Bf5 29. g4 Bg6 30. f4 Qc8 31. f5 Bxf5 32. gxf5
Qxf5 33. Nc7 Re7 0-1

[Event "45th Capablanca Mem Open"]
[Site "Havana CUB"]
[Date "2010.06.16"]
[Round "6"]
[White "Linares Napoles,O"]
[Black "Abreu Delgado,A"]
[Result "0-1"]
[WhiteElo "2322"]
[BlackElo "2482"]
[EventDate "2010.06.10"]

1. e4 c5 2. c3 Nf6 3. e5 Nd5 4. d4 cxd4 5. cxd4 d6 6. Bc4 e6 7. Nf3 Nc6 8.
Qe2 Be7 9. O-O O-O 10. Rd1 Bd7 11. Nc3 Nxc3 12. bxc3 dxe5 13. dxe5 Qc7 14.
Bd3 Rfd8 15. Bg5 Bxg5 16. Nxg5 h6 17. Nf3 Ne7 18. Nd4 Be8 19. Rac1 Rd5 20.
f4 Rad8 21. h4 Rc5 22. Nb3 Rcd5 23. Nd4 Ba4 24. Rf1 Rc5 25. Qe3 Nd5 26. Qe4
Nxc3 27. Qh7+ Kf8 28. Nxe6+ fxe6 29. Rxc3 Rxc3 30. Bg6 Qc5+ 31. Kh2 Rd2 32.
Qh8+ Ke7 33. Qxg7+ Kd8 34. Qxb7 Qd5 0-1

[Event "45th Capablanca Mem Open"]
[Site "Havana CUB"]
[Date "2010.06.16"]
[Round "6"]
[White "Quesada Perez,Y"]
[Black "Llorente Pupo, Ramon"]
[Result "1/2-1/2"]
[WhiteElo "2582"]
[BlackElo "2338"]
[EventDate "2010.06.10"]

1. e4 e5 2. Nf3 Nc6 3. Bb5 a6 4. Ba4 Nf6 5. O-O Be7 6. Re1 b5 7. Bb3 O-O 8.
d4 Nxd4 9. Nxd4 exd4 10. e5 Ne8 11. c3 dxc3 12. Nxc3 d6 13. Bd5 Rb8 14. Be3
Be6 15. Ba7 Bxd5 16. Bxb8 Bb7 17. Ba7 c5 18. b4 cxb4 19. Nd5 dxe5 20. Nxe7+
Qxe7 21. Rc1 Nc7 22. Qe2 Re8 23. Bc5 Qh4 24. f3 Nd5 25. Qf2 Qg5 26. Be3 Qg6
27. Qg3 Qc6 28. Qf2 f6 29. Bd2 f5 30. Qa7 Ba8 31. Qc5 e4 32. fxe4 fxe4 33.
Be3 Bb7 34. Qa7 Qc7 35. Rcd1 Ra8 36. Qc5 Qxc5 37. Bxc5 Rc8 38. Bd4 Nf4 39.
Rd2 Nd3 40. Rb1 Bd5 41. Kf1 a5 42. Ke2 Nc1+ 43. Ke3 Nxa2 44. Bb6 Nc3 45.
Rc1 Bf7 46. Bxa5 Re8 47. Bxb4 Nd5+ 48. Rxd5 Bxd5 49. Rc7 Re6 50. Bc3 Rg6
51. g3 1/2-1/2

[Event "45th Capablanca Mem Open"]
[Site "Havana CUB"]
[Date "2010.06.16"]
[Round "6"]
[White "Fernandez Cardoso,A"]
[Black "Fuentes Dominguez,F"]
[Result "1/2-1/2"]
[WhiteElo "2416"]
[BlackElo "2253"]
[EventDate "2010.06.10"]

1. e4 c5 2. Nf3 d6 3. d4 cxd4 4. Nxd4 Nf6 5. Nc3 a6 6. f4 Nbd7 7. a4 e5 8.
Nf3 d5 9. Nxd5 Nxe4 10. Bc4 Bc5 11. Qe2 Nf2 12. Rf1 O-O 13. Rxf2 exf4 14.
Bxf4 Re8 15. Qxe8+ Qxe8+ 16. Re2 Qd8 17. Nc7 Qf6 18. Re8+ Nf8 19. Be5 Qh6
20. Nxa8 Bd7 21. Nc7 Bxe8 22. Nxe8 Qe3+ 23. Kd1 Nd7 24. Bg3 Qxe8 25. c3 h6
26. Kc2 Qe4+ 27. Bd3 Qc6 28. a5 Bd6 29. Bxd6 Qxd6 30. Rd1 Qc7 31. Re1 Nf6
32. Re5 g6 33. b4 Ng4 34. Re8+ Kg7 35. h3 Nf6 36. Re5 Nh5 37. Kb3 Nf4 38.
Bf1 Qd6 39. Re1 Nxh3 40. gxh3 Qd5+ 41. Bc4 Qxf3 42. Rf1 Qxh3 43. Rxf7+ Kh8
44. Rxb7 g5 45. Bxa6 g4 46. Bc4 Qh1 47. a6 Qd1+ 48. Kb2 Qd2+ 49. Kb3 Qd1+
1/2-1/2

[Event "45th Capablanca Mem Open"]
[Site "Havana CUB"]
[Date "2010.06.16"]
[Round "6"]
[White "Aguero Jimenez,L"]
[Black "Figueredo Losada,L"]
[Result "1-0"]
[WhiteElo "2409"]
[BlackElo "2335"]
[EventDate "2010.06.10"]

1. d4 c5 2. d5 Nf6 3. Nc3 d6 4. e4 g6 5. Nf3 Bg7 6. Be2 O-O 7. O-O a6 8. a4
Bg4 9. Nd2 Bxe2 10. Qxe2 Nbd7 11. Rd1 Qc7 12. Nc4 Ne8 13. a5 Rb8 14. f4
Bd4+ 15. Be3 Bxc3 16. bxc3 Ng7 17. Bf2 Rfe8 18. Bh4 f6 19. Kh1 Nh5 20. Qf3
Ng7 21. g4 Rbd8 22. Bg3 Rf8 23. Rab1 Rb8 24. Nb6 Rfe8 25. Qe2 Rbd8 26. Nc4
Rb8 27. Ra1 Rbd8 28. Qg2 Rb8 29. h3 Ra8 30. Qh2 Rad8 31. Rab1 Ra8 32. Re1
Rad8 33. Rb2 Ra8 34. Reb1 Rab8 35. Kg1 Rf8 36. Kh1 Rfe8 37. Rb3 Nf8 38. Re1
Nd7 39. Reb1 Nf8 40. Qg2 Nd7 41. Qh2 Rf8 42. R3b2 Rfe8 43. e5 f5 44. Bh4
Nf8 45. e6 Red8 46. Bg5 h5 47. Rg1 Nh7 48. Bh6 hxg4 49. hxg4 Nf6 50. Bxg7
Kxg7 51. gxf5 1-0

[Event "45th Capablanca Mem Open"]
[Site "Havana CUB"]
[Date "2010.06.16"]
[Round "6"]
[White "Cueto Rodriguez,Y"]
[Black "Garcia Pantoja,R"]
[Result "1/2-1/2"]
[WhiteElo "2134"]
[BlackElo "2378"]
[EventDate "2010.06.10"]

1. e4 e6 2. d3 d5 3. Qe2 Nf6 4. e5 Nfd7 5. f4 c5 6. Nf3 Nc6 7. g3 b5 8. Bg2
Qb6 9. Be3 Be7 10. O-O O-O 11. Nbd2 Bb7 12. Bf2 b4 13. Rfd1 a5 14. c3 bxc3
15. bxc3 Rab8 16. Rab1 Qc7 17. c4 Nb4 18. Nf1 d4 19. g4 Nb6 20. Be1 Na4 21.
a3 Nc6 22. Qc2 Nc3 23. Bxc3 dxc3 24. Qxc3 f6 25. Ng3 Nd4 26. Nxd4 cxd4 27.
Qe1 Bxg2 28. Kxg2 Bxa3 29. Qe4 fxe5 30. fxe5 Bb2 31. Rd2 Bc3 32. Rxb8 Rxb8
33. Ra2 Qb6 34. Qe2 Qb1 35. Ne4 Rb2 36. Rxb2 Bxb2 37. Nd6 h6 38. Qf3 Qc2+
39. Kh3 Bc3 40. Qa8+ Kh7 41. Qe4+ Kg8 42. Qa8+ 1/2-1/2

[Event "45th Capablanca Mem Open"]
[Site "Havana CUB"]
[Date "2010.06.16"]
[Round "6"]
[White "Gomez Fontal,F"]
[Black "Campos Vila,M"]
[Result "1-0"]
[WhiteElo "2376"]
[BlackElo "2178"]
[EventDate "2010.06.10"]

1. d4 Nf6 2. Nf3 g6 3. c4 Bg7 4. Nc3 O-O 5. h3 d6 6. Bf4 c6 7. e3 Qa5 8.
Qd2 Nbd7 9. a3 Re8 10. Be2 e5 11. Bh2 Qc7 12. Qc2 b6 13. O-O Bb7 14. b4 Qd8
15. Rfd1 Qe7 16. Rac1 Rec8 17. Qb3 Rab8 18. Rc2 c5 19. Nb5 Be4 20. Ra2 Ra8
21. Nxd6 Qxd6 22. dxe5 Qe7 23. exf6 Nxf6 24. Bd6 Qe6 25. bxc5 bxc5 26. Rad2
Qe8 27. Bd3 Bc6 28. Bc2 Bxf3 29. gxf3 Qe6 30. Kg2 Nh5 31. Be4 Be5 32. Bxa8
Rxa8 33. Qb7 Re8 34. Qd5 Qf5 35. f4 Nf6 36. Qf3 Bc3 37. Rd3 Ne4 38. Rd5 Qc8
39. Be5 Bxe5 40. Qxe4 Bf6 41. Qf3 Kg7 42. Rd7 Re7 43. Rxe7 Bxe7 44. Qe4 Bf6
45. Rd6 Bb2 46. a4 a5 47. Qd5 Ba3 48. Rd7 Qf8 49. Qe5+ Kh6 50. Qg5+ Kg7 51.
Rd8 1-0

[Event "45th Capablanca Mem Open"]
[Site "Havana CUB"]
[Date "2010.06.16"]
[Round "6"]
[White "Hevia Alejano,C"]
[Black "Marrero Lopez,Yan"]
[Result "1-0"]
[WhiteElo "2507"]
[BlackElo "2316"]
[EventDate "2010.06.10"]

1. d4 d5 2. Nf3 Nf6 3. c4 e6 4. g3 Bb4+ 5. Bd2 Be7 6. Bg2 O-O 7. O-O c6 8.
Qc2 Nbd7 9. b3 b6 10. Nc3 Ba6 11. Rfd1 dxc4 12. e4 cxb3 13. axb3 Bb7 14. h4
h6 15. Qb1 Re8 16. Bf4 Bb4 17. Nh2 Qe7 18. e5 Nd5 19. Ne4 c5 20. Ng4 cxd4
21. Rxd4 Rec8 22. Qd1 Bc3 23. Nxh6+ gxh6 24. Nxc3 Rxc3 25. Bd2 Nxe5 26.
Rxd5 Rxg3 27. fxg3 Bxd5 28. Bxh6 Qc5+ 29. Kh1 Bxg2+ 30. Kxg2 Qd5+ 31. Qxd5
exd5 32. Rd1 Rd8 33. Bg5 Rd7 34. Re1 Nd3 35. Re8+ Kg7 36. h5 Nc5 37. b4 Ne6
38. Bd2 d4 39. Kf3 Rd5 40. g4 a5 41. bxa5 bxa5 42. Ra8 f5 43. g5 f4 44. h6+
Kg6 45. Ra6 Kxg5 46. Rxe6 Rf5 47. h7 Rf8 48. Ke4 a4 49. Ke5 Rh8 50. Bxf4+
Kg4 51. Rg6+ Kf3 52. Rg3+ Kf2 53. Rh3 a3 54. Ke4 a2 55. Rh2+ Kg1 56. Rxa2
Rxh7 57. Kf3 Rh3+ 58. Bg3 1-0

[Event "45th Capablanca Mem Open"]
[Site "Havana CUB"]
[Date "2010.06.16"]
[Round "6"]
[White "Gongora Reyes,M"]
[Black "Morales Romero,R"]
[Result "1-0"]
[WhiteElo "2471"]
[BlackElo "2277"]
[EventDate "2010.06.10"]

1. d4 Nf6 2. c4 e6 3. Nc3 Bb4 4. e3 c5 5. a3 Bxc3+ 6. bxc3 d6 7. Bd3 Nc6 8.
Ne2 b6 9. O-O O-O 10. e4 Ba6 11. Bg5 h6 12. Bh4 g5 13. Bg3 e5 14. f4 exf4
15. Nxf4 cxd4 16. Nh5 Ne8 17. cxd4 Nxd4 18. e5 dxe5 19. Bxe5 f5 20. Qa4 Bb7
21. Rad1 Nc6 22. Ba1 Qe7 23. Kh1 Rd8 24. c5 Qxc5 25. Qb3+ Kh7 26. Rxf5 Rxd3
27. Rf7+ Kg6 28. Qe6+ Nf6 29. Nf4+ gxf4 30. Rxf6+ Rxf6 31. Qxf6+ Kh5 32.
Qf7+ Kh4 33. Bf6+ Kg4 34. h3+ Rxh3+ 35. gxh3+ Kxh3 36. Qe6+ Kg3 37. Rg1+
Kf3 38. Rf1+ Qf2 39. Qh3+ Ke2 40. Rxf2+ Kxf2 41. Kh2 Na5 42. Qxh6 1-0

[Event "45th Capablanca Mem Open"]
[Site "Havana CUB"]
[Date "2010.06.16"]
[Round "6"]
[White "Ris,R"]
[Black "Gil Suarez,J"]
[Result "1-0"]
[WhiteElo "2426"]
[BlackElo "1752"]
[EventDate "2010.06.10"]

1. d4 d5 2. c4 c6 3. Nf3 Nf6 4. Nc3 e6 5. g3 Nbd7 6. Bg2 Be7 7. O-O dxc4 8.
e4 O-O 9. Bf4 Re8 10. Re1 a6 11. a4 Bb4 12. Qc2 h6 13. Nd2 e5 14. dxe5 Nxe5
15. Bxe5 Rxe5 16. Nxc4 Re7 17. Rad1 Qc7 18. e5 Ne8 19. Re3 Be6 20. Ne4 Bd5
21. Red3 Rb8 22. f4 Bxc4 23. Qxc4 Qb6+ 24. Kf1 a5 25. Rd7 Qa6 26. Qxa6 bxa6
27. Rd8 Rxd8 28. Rxd8 Kh7 29. Bh3 h5 30. Bf5+ g6 31. Bd7 Nc7 32. Nf6+ Kg7
33. Rg8+ Kh6 34. Rc8 1-0

[Event "45th Capablanca Mem Open"]
[Site "Havana CUB"]
[Date "2010.06.16"]
[Round "6"]
[White "Borges Feria,Y"]
[Black "Larrua Gonzalez,F"]
[Result "1-0"]
[WhiteElo "2426"]
[BlackElo "2310"]
[EventDate "2010.06.10"]

1. Nf3 Nf6 2. b3 b6 3. g3 Bb7 4. Bg2 e6 5. O-O Be7 6. Bb2 O-O 7. d3 d5 8.
Nbd2 Nbd7 9. c4 c5 10. cxd5 exd5 11. Nh4 Re8 12. e4 Bf8 13. Re1 Qc7 14. f4
dxe4 15. dxe4 Rad8 16. Qc2 c4 17. bxc4 Qc5+ 18. Kh1 Ng4 19. Bf3 Ndf6 20.
Bxf6 Nxf6 21. Nb3 Qc8 22. e5 Bxf3+ 23. Nxf3 Qc6 24. Kg2 Bb4 25. Re2 Ng4 26.
Qe4 Qxe4 27. Rxe4 Rd3 28. Rd4 Rxd4 29. Nfxd4 Bc3 30. Rc1 Bxd4 31. Nxd4 Rd8
32. c5 bxc5 33. Rxc5 g6 34. Nf3 Rd5 35. Rc8+ Kg7 36. Rc7 Ra5 37. e6 Rxa2+
38. Kh3 h5 39. Rxf7+ Kh6 40. e7 Re2 41. e8=Q Rxe8 42. Ng5 Rh8 43. Rxa7 Ne5
44. Kh4 1-0

[Event "45th Capablanca Mem Open"]
[Site "Havana CUB"]
[Date "2010.06.16"]
[Round "6"]
[White "Flaquer,L"]
[Black "Morales Romero,P"]
[Result "0-1"]
[WhiteElo "2316"]
[BlackElo "2420"]
[EventDate "2010.06.10"]

1. e4 c5 2. Nf3 Nc6 3. Bb5 g6 4. O-O Bg7 5. c3 Nf6 6. e5 Nd5 7. d4 cxd4 8.
cxd4 O-O 9. Nc3 Nc7 10. Ba4 d6 11. Bxc6 bxc6 12. Qa4 Bd7 13. exd6 exd6 14.
Bf4 c5 15. Qd1 Bg4 16. dxc5 Ne6 17. Bxd6 Nd4 18. Qxd4 Bxd4 19. Nxd4 Re8 20.
f3 Bd7 21. b4 h5 22. Rad1 h4 23. f4 h3 24. g3 Bg4 25. Rd2 Be6 26. f5 Bc4
27. Rc1 a5 28. b5 Qg5 29. Bf4 Qe7 30. fxg6 fxg6 31. Nce2 Qxc5 32. Rdc2 Qd5
33. Kf2 Bxe2 34. Nxe2 Qg2+ 35. Ke1 Rad8 0-1

[Event "45th Capablanca Mem Open"]
[Site "Havana CUB"]
[Date "2010.06.16"]
[Round "6"]
[White "Castellanos Sanchez,C"]
[Black "Olivera Medrano,J"]
[Result "1/2-1/2"]
[WhiteElo "2299"]
[BlackElo "2396"]
[EventDate "2010.06.10"]

1. c4 Nf6 2. Nc3 e6 3. e4 d5 4. e5 Ne4 5. cxd5 Nxc3 6. dxc3 Qxd5 7. Qxd5
exd5 8. Be3 Be6 9. Ne2 Nd7 10. f4 c5 11. Ng3 g6 12. Bb5 a6 13. Bxd7+ Kxd7
14. O-O Bf5 15. Nxf5 gxf5 16. Rfd1 Ke6 17. Rd3 Be7 18. Rad1 Rad8 19. Bf2 h5
20. Kf1 h4 21. b4 b6 22. bxc5 bxc5 23. Ke2 c4 24. R3d2 Ba3 25. Kf3 h3 26.
g3 Rhg8 27. Bg1 Rh8 28. Be3 Rhg8 29. Bf2 Rh8 30. g4 fxg4+ 31. Kxg4 Rhg8+
32. Kxh3 Rg6 33. Bg3 Bc5 34. f5+ Kxf5 35. Rxd5 Rxd5 36. Rxd5 Bb6 37. Rd7
Ba5 38. Rxf7+ Ke4 39. Rf4+ Kd3 40. Rf3+ Ke4 41. Kg2 Rb6 42. h4 Rb2+ 43. Bf2
Kxe5 44. h5 Bb6 45. h6 Bxf2 46. Rxf2 Rb6 47. h7 Rh6 48. Rf7 Ke4 49. Rd7 Kf4
50. Re7 Rh5 51. Kf2 Rh2+ 52. Ke1 Kf5 53. Rc7 Ke5 54. Kf1 Kd6 55. Ra7 Ke5
56. Kg1 Rh6 57. a4 Ke4 58. Rd7 Kf3 59. Re7 a5 60. Rf7+ Ke3 61. Rd7 Kf3 62.
Re7 Rh5 63. Rf7+ Ke3 1/2-1/2

[Event "45th Capablanca Mem Open"]
[Site "Havana CUB"]
[Date "2010.06.16"]
[Round "6"]
[White "Hernandez Fernandez,Ra"]
[Black "Leyva Rivera,Y"]
[Result "1/2-1/2"]
[WhiteElo "2301"]
[BlackElo "2384"]
[EventDate "2010.06.10"]

1. e4 c5 2. Nf3 e6 3. d4 cxd4 4. Nxd4 Nc6 5. Nb5 d6 6. c4 Nf6 7. N5c3 Be7
8. Be2 O-O 9. O-O b6 10. Be3 Bb7 11. Na3 a6 12. Rc1 Ne5 13. f3 Ned7 14. Qd2
Rc8 15. Rfd1 Qc7 16. Bf1 Rfe8 17. Kh1 Qb8 18. Qf2 Bd8 19. Rc2 Bc7 20. Rcd2
Rcd8 21. Bf4 Ne5 22. Bg5 Ned7 23. Bf4 Ne5 24. Bg5 Ned7 1/2-1/2

[Event "45th Capablanca Mem Open"]
[Site "Havana CUB"]
[Date "2010.06.16"]
[Round "6"]
[White "Ostos,J"]
[Black "Juarez Flores,C"]
[Result "1/2-1/2"]
[WhiteElo "2273"]
[BlackElo "2374"]
[EventDate "2010.06.10"]

1. e4 c5 2. Nf3 Nc6 3. Bb5 e6 4. Bxc6 bxc6 5. O-O d6 6. e5 d5 7. d3 Ne7 8.
Nc3 Nf5 9. b3 Be7 10. Na4 c4 11. dxc4 Ba6 12. Nb2 O-O 13. Re1 Bb4 14. Bd2
Ba3 15. Bc3 Bxb2 16. Bxb2 dxc4 17. Qc1 c5 18. Nd2 Qd5 19. Ne4 Rfd8 20. Qf4
h6 21. Qg4 Kh8 22. Rad1 Qc6 23. Nd6 Kg8 24. Nxf5 exf5 25. Qxf5 Qe6 26. Qf3
cxb3 27. axb3 c4 28. Rd6 Rxd6 29. Qxa8+ Bc8 30. Qxa7 Rd2 31. bxc4 1/2-1/2

[Event "45th Capablanca Mem Open"]
[Site "Havana CUB"]
[Date "2010.06.16"]
[Round "6"]
[White "Gutierrez,L"]
[Black "Cabrera Trujillo,J"]
[Result "0-1"]
[WhiteElo "2000"]
[BlackElo "2361"]
[EventDate "2010.06.10"]

1. e4 c5 2. Nf3 d6 3. d4 cxd4 4. Nxd4 Nf6 5. Nc3 g6 6. Be3 Bg7 7. f3 O-O 8.
Qd2 Nc6 9. Bc4 Bd7 10. O-O-O Rb8 11. g4 b5 12. Be2 Ne5 13. Kb1 Nc4 14. Bxc4
bxc4 15. Ka1 Qb6 16. Rb1 Qa5 17. Bh6 Bxh6 18. Qxh6 Rb6 19. Rhg1 Rfb8 20.
Nf5 Bxf5 21. gxf5 Rxb2 22. Rxb2 Rxb2 23. Kxb2 Qb6+ 24. Ka3 Qc5+ 25. Kb2
Qb6+ 26. Ka3 Qxg1 27. fxg6 Qc5+ 28. Kb2 Qb4+ 29. Kc1 Qxc3 30. gxh7+ Nxh7
0-1

[Event "45th Capablanca Mem Open"]
[Site "Havana CUB"]
[Date "2010.06.16"]
[Round "6"]
[White "Vega,L"]
[Black "Lemes Rosales,Lazaro"]
[Result "0-1"]
[WhiteElo "2357"]
[BlackElo "2214"]
[EventDate "2010.06.10"]

1. e4 e5 2. Nf3 Nc6 3. Bb5 a6 4. Ba4 Nf6 5. O-O Be7 6. Re1 b5 7. Bb3 d6 8.
c3 O-O 9. h3 Na5 10. Bc2 c5 11. d4 Qc7 12. Nbd2 cxd4 13. cxd4 Rd8 14. Nf1
exd4 15. Ng3 Nc6 16. Bf4 Qb6 17. Rc1 h6 18. Nh4 g5 19. Ngf5 gxf4 20. Nxh6+
Kg7 21. N6f5+ Bxf5 22. Nxf5+ Kf8 23. Qf3 Ne5 24. Qxf4 Rdc8 25. Bb3 Rxc1 26.
Rxc1 Ke8 27. Rd1 d3 28. Kh1 Kd7 29. Ng3 a5 30. Qf5+ Kd8 31. f4 Nc4 32. Rxd3
Rc8 33. Rc3 Rc5 34. e5 dxe5 35. Bxc4 bxc4 36. fxe5 Qxb2 37. Qf3 Nd5 38.
Rxc4 Qa1+ 39. Kh2 Qxe5 40. Re4 Qf6 41. Nf5 Rc3 42. Qf1 Bd6+ 43. Kg1 Bc5+
44. Kh2 Ne3 45. Nxe3 Qd6+ 46. g3 Bxe3 47. h4 Rc2+ 48. Kh3 Qd7+ 49. Rg4 Rc6
50. Qb5 Bb6 51. h5 Kc7 52. Qe5+ Kb7 53. Qg7 Qe6 54. Qg5 Rc5 55. Qh4 Bd8 56.
Qxd8 Rxh5+ 57. Kg2 Qe2+ 58. Kg1 Qxg4 59. Qe7+ Kc6 60. Qe8+ Qd7 0-1

[Event "45th Capablanca Mem Open"]
[Site "Havana CUB"]
[Date "2010.06.16"]
[Round "6"]
[White "Alonso Bouza,Julio"]
[Black "Guerra Tulcan,L"]
[Result "0-1"]
[WhiteElo "2268"]
[BlackElo "2354"]
[EventDate "2010.06.10"]

1. e4 c5 2. Nf3 e6 3. d4 cxd4 4. Nxd4 a6 5. c4 Nf6 6. Nc3 d6 7. Be2 Be7 8.
O-O Qc7 9. Be3 Nbd7 10. Rc1 O-O 11. f3 b6 12. Qd2 Bb7 13. Rfd1 h5 14. Qe1
Rac8 15. Qg3 Ne5 16. Na4 Ba8 17. Nxb6 h4 18. Nxa8 Qb7 19. Qxh4 Rxa8 20. Qh3
Qxb2 21. f4 Ng6 22. Bd3 Nxf4 23. Bxf4 Qxd4+ 24. Be3 Qe5 25. Qf3 Nd7 26. Bb1
Qf6 27. Bd4 Qxf3 28. gxf3 Bg5 29. Rc2 Rac8 30. Rg2 Bh6 31. Bd3 Nc5 32. Bf1
Rb8 33. e5 Rfd8 34. Re1 Rbc8 35. exd6 Rxd6 36. Be5 Rd7 37. Rc2 Nd3 38. Bxd3
Rxd3 39. Kg2 Rc5 40. Bg3 Rd2+ 41. Rxd2 Bxd2 42. Re2 Bb4 43. Rc2 Rg5 44. Rb2
a5 45. a4 f6 46. Kf1 Kf7 47. Be1 Bxe1 48. Kxe1 Rg1+ 49. Kf2 Ra1 50. c5 Rxa4
51. Rb7+ Kg6 52. c6 Rc4 53. c7 a4 54. Ra7 a3 55. Rxa3 Rxc7 56. Ra5 e5 57.
Rb5 Kf5 58. Kg3 g5 59. h3 Rc3 60. Ra5 Kg6 61. Ra4 f5 62. Ra6+ Kh5 63. Rf6
f4+ 64. Kf2 Rc2+ 65. Kf1 Kh4 66. Rf5 Kg3 67. Rxe5 Kxf3 68. Kg1 Kg3 69. Kf1
f3 70. Re1 Rf2+ 71. Kg1 Rg2+ 72. Kf1 Rh2 0-1

[Event "45th Capablanca Mem Open"]
[Site "Havana CUB"]
[Date "2010.06.16"]
[Round "6"]
[White "Macias Murillo,B"]
[Black "Guerrero,An"]
[Result "1-0"]
[WhiteElo "2347"]
[BlackElo "2164"]
[EventDate "2010.06.10"]

1. Nf3 Nf6 2. c4 e6 3. g3 b6 4. Bg2 Bb7 5. O-O Be7 6. b3 O-O 7. Bb2 d5 8.
cxd5 Nxd5 9. d4 c5 10. e4 Nf6 11. e5 Nd5 12. Nbd2 Nc6 13. dxc5 Bxc5 14. Ne4
Be7 15. a3 b5 16. Qe2 Qb6 17. b4 a5 18. Nc5 Rfd8 19. Nxb7 Qxb7 20. bxa5
Rxa5 21. Nd2 Qb6 22. Ne4 b4 23. axb4 Ndxb4 24. Rxa5 Qxa5 25. Ra1 Qb6 26.
Nd6 Bxd6 27. exd6 Rxd6 28. Ba3 Rd8 29. Qb2 Qb8 30. Qc3 Rd3 31. Qc5 Qa8 32.
Qxb4 Nxb4 33. Bxa8 Nc2 34. Be4 Rxa3 35. Rb1 Ra1 36. Bxc2 Rxb1+ 37. Bxb1 Kf8
38. Kg2 h6 39. Kf3 Ke7 40. Ke4 Kf6 41. Ba2 Kg5 42. h3 Kf6 43. Bc4 Ke7 44.
f4 g6 45. Ke5 f6+ 46. Kd4 Kd6 47. Bd3 g5 48. f5 h5 49. Be4 h4 50. g4 exf5
51. gxf5 Kd7 52. Kd5 Ke7 53. Kc6 Ke8 54. Kd6 Kf7 55. Kd7 1-0

[Event "45th Capablanca Mem Open"]
[Site "Havana CUB"]
[Date "2010.06.16"]
[Round "6"]
[White "Rincon Gonzalez,Lu"]
[Black "Olivares Canelles,Francisco"]
[Result "0-1"]
[WhiteElo "1900"]
[BlackElo "2328"]
[EventDate "2010.06.10"]

1. e4 e5 2. Nf3 Nf6 3. Nxe5 d6 4. Nf3 Nxe4 5. d4 d5 6. Bd3 Bd6 7. O-O O-O
8. c4 c6 9. cxd5 cxd5 10. Nc3 Nxc3 11. bxc3 Bg4 12. h3 Bh5 13. Rb1 Nd7 14.
Rb5 Nb6 15. a4 a6 16. Rb1 Rc8 17. Bd2 Bc7 18. Re1 Rb8 19. Bc2 Nc4 20. g4
Bg6 21. Bxg6 hxg6 22. Ne5 Nxd2 23. Qxd2 Qd6 24. f4 Rfe8 25. Qd3 Re7 26. Rf1
Bb6 27. Rb3 Rc8 28. Rfb1 Ba5 29. Qg3 Rec7 30. Rc1 b5 31. axb5 axb5 32. Qd3
Qf6 33. Qxb5 Qxf4 34. Rf1 Qg3+ 35. Kh1 Qxh3+ 36. Kg1 Bxc3 37. Rd1 Bxd4+ 38.
Rxd4 Rc1+ 0-1